Gleiche Wörter im Namen der Länder 2# - Statistiken

Allgemein
  • Dieses Quiz wurde 587 mal gespielt
  • Das Durchschnittsergebnis liegt bei 8 aus 25
Antwortstatistiken
Wort Land % Korrekt
Öst Österreich
98%
Österreich
98%
Frankreich
47%
Bar Barbados
46%
Vereinigtes Königreich
46%
Vereinigte Staaten
44%
Mongolei
42%
Vereinigte Arabische Emirate
38%
Ei Brunei
36%
Slowakei
35%
Türkei
35%
Ungarn
32%
Schweiz
30%
Die Indien
25%
Sie Indonesien
25%
Öst Osttimor
24%
Tunesien
23%
Liechtenstein
18%
Mikronesien
18%
Weißrussland
17%
Gar Bulgarien
15%
Elfenbeinküste
12%
Bar Antigua und Barbuda
11%
Sierra Leone
11%
St. Vincent und die Grenadinen
10%
Keine übereinstimmenden Quizze gefunden
Verteilung der Resultate
Anzahl Personen mit jedem Resultat
Perzentil nach korrekt beantworteten Fragen
Ihre Resultats-Entwicklung
Sie haben dieses Quiz noch nicht gespielt